| 000 | 01693nam0a2200349 4500 | ||
|---|---|---|---|
| 001 | RU\NLR\bibl\1401445 | ||
| 005 | 20241215021134.0 | ||
| 020 |
_aRU _b90-9613 _9Летопись авторефератов диссертаций |
||
| 021 |
_aRU _b2009-5967а _9239а |
||
| 035 | _a(NLR Aleph) 001393450 | ||
| 090 |
_a1176933 _c1176933 |
||
| 100 | _a20090520d2009 u u0rusy50 ca | ||
| 101 | 0 | _arus | |
| 102 | _aRU | ||
| 105 | _ay dm ||||| | ||
| 200 | 1 |
_aТворческая личность в локальном социокультурном пространстве _e(на примере творчества А.П. Ромашова) _eавтореф. дис. на соиск. учен. степ. канд. культурологии _eспециальность 24.00.01 <Теория и история культуры> _fСимбирцева Наталья Алексеевна _g[Челяб. гос. акад. культуры и искусств] |
|
| 210 |
_aЧелябинск _d2009 |
||
| 215 |
_a22 с. _d21 |
||
| 320 | _aБиблиогр.: c. 20-22 (16 назв.) | ||
| 675 |
_a316.7 _v3 _zrus |
||
| 686 |
_a04 _2rugasnti |
||
| 686 |
_a60.5 _2rubbk |
||
| 686 |
_a24.00.01 _2oksvnk |
||
| 700 | 1 |
_4070 _aСимбирцева _bН. А. _cд-р культурологии _gНаталья Алексеевна _9219153 _3RU\NLR\AUTH\770219209 |
|
| 801 | 0 |
_aRU _bRKP _c20090520 _gPSBO |
|
| 801 | 1 |
_aRU _bRKP _c20090520 |
|
| 801 | 2 |
_aRU _bNLR _c20090814 _grcr |
|
| 901 | _eАвторефераты | ||
| 942 | _cBOOK | ||
| 981 | 1 | 0 | _a(10) Авторефераты |